000 01248nam a22003497a 4500
001 000475
003 DO-SdBNP
005 20171109100809.0
007 000475
008 160906b 2006 mx ||||| |||| 00| 0 spa d
020 _a9707702230
040 _aBPMSU
_bspa
_cBPMSU
082 4 _a332.024
_bK62e
100 1 _aKiyosaki, Robert T,
_d1945-
240 1 0 _aThe business school for people who like helping people.
_lEspañol.
245 1 0 _aLa escuela de negocios :
_bpara personas que gustan de ayudar a los demas /
_cRobert T. Kiyosaki with Sharon L. Lechter ; traducción de María Andrea Giovinne.
260 _aMéxico :
_bAguilar,
_c2006.
300 _a218 p. :
_bil. ;
_c23 cm.
490 1 _aPadre Rico.
500 _aSéptima reimpresión: enero 2008
500 _aTítulo original : The business school for people who like helping people.
650 4 _aEXITO EN LOS NEGÓCIOS
650 4 _aFINANZAS PERSONALES
650 4 _aEMPRESAS COMERCIALES
_xFINANZAS
700 1 2 _aLechter, Sharon L.
700 1 2 _aGiovinne, María Andrea,
_etr.
830 0 _aPadre Rico.
910 _aValidado. Control de calidad MFF
942 _2ddc
_cBK
945 _aInventariado, 2017/MFF
956 _2LOPEREZ
_310
_620160906
_8BPMSU
_a00041
999 _c11330
_d11330